Statistics for The Hunger Games: Mockingjay Part 2 Characters Quiz

Click here to take the quiz!

General Stats

  • This quiz has been taken 47 times
  • The average score is 18 of 22

Answer Stats

Actor/Actress Description Character % Correct
Jennifer LawrenceThe protagonist and narrator of the films, who is chosen to be the MockingjayKatniss Everdeen
100%
Elizabeth BanksA Capitol-born chaperone who was assigned to oversee District 12's tributes in the Hunger Games, specifically Katniss and Peeta in the 74th and 75th GamesEffie Trinket
97%
Julianne MooreThe leader of District 13, whom Katniss kills with an arrow to the heartPresident Alma Coin
97%
Liam HemsworthKatniss' best friend and her hunting partnerGale Hawthorne
97%
Josh HutchersonThe male tribute of District 12 in both the 74th and 75th Hunger Games, who is being held captive and brainwashed by the CapitolPeeta Mellark
97%
Donald SutherlandThe main antagonist of the series, the autocratic ruler of the Capitol and all of PanemPresident Coriolanus Snow
94%
Willow ShieldsKatniss' younger sister, who is killed in a bombingPrimrose Everdeen
94%
Woody HarrelsonA "paunchy, middle-aged man" who won the 50th Hunger Games (the Second Quarter Quell) 25 years priorHaymitch Abernathy
94%
Jeffrey WrightThe District 3 male in the 75th Hunger Games, who is skilled in electronics and won his Hunger Games by electrocuting groups of tributes at onceBeetee Latier
90%
Sam ClaflinThe male tribute from District 4 who was reaped into the Third Quarter QuellFinnick Odair
90%
Philip Seymour HoffmanThe new Head Gamemaker following the death of Seneca CranePlutarch Heavensbee
90%
Jena MaloneThe female tribute from District 7 in the Third Quarter QuellJohanna Mason
81%
Stanley TucciThe Master of Ceremonies and commentator for the Hunger GamesCaesar Flickerman
77%
Stef DawsonThe winner of the 70th Hunger Games and Finnick's girlfriendAnnie Cresta
77%
Elden HensonOne of the brothers who comprise Cressida's camera crew from the CapitolPollux
74%
Mahershala AliPresident Coin's right-hand manBoggs
74%
Wes ChathamOne of the brothers who comprise Cressida's camera crew from the CapitolCastor
71%
Natalie DormerThe resident director from the CapitolCressida
68%
Paula MalcomsonKatniss' motherMrs. Everdeen
65%
Evan RossCressida's assistant from the CapitolMessalla
55%
Patina MillerA leader of the rebel troops in District 8Commander Paylor
48%
Gwendoline ChristieA victor from District 2 who won over a generation ago and leads the rebels in their fight in District 2 to capture "the Nut", which is a mountain that contains the missiles for the CapitolCommander Lyme
29%

Score Distribution

Percentile by Number Answered

Percent of People with Each Score

Your Score History

You have not taken this quiz